[Event "CYCC U10"]
[Site "Calgary CAN"]
[Date "2023.07.19"]
[Round "2.192"]
[White "Sheng, Jack"]
[Black "Ha, Benjamin"]
[Result "1-0"]
[WhiteElo "890"]
[BlackElo "601"]
[PlyCount "123"]
[EventDate "2023.07.19"]
[EventType "swiss"]
[EventRounds "7"]
[EventCountry "CAN"]

1. d4 d5 2. c4 Nf6 3. cxd5 Qxd5 4. Nc3 Qa5 5. Bd2 e5 6. dxe5 Qxe5 7. Nf3 Qc5 8.
e4 Nc6 9. Bd3 Bg4 10. Be2 Bxf3 11. Bxf3 Qd4 12. O-O Bd6 13. Nd5 Nxd5 14. exd5
Nb4 15. Qe1+ Kf8 16. Bc3 Qh4 17. g3 Qc4 18. Be2 Qe4 19. Bxb4 Bxb4 20. Qd1 Re8
21. Bf3 Qe5 22. a3 Bd6 23. Re1 Qxb2 24. Rxe8+ Kxe8 25. Rb1 Qa2 26. Rxb7 Bc5 27.
Rb8+ Kd7 28. Bg4+ Kd6 29. Rxh8 Qxf2+ 30. Kh1 Bxa3 31. Rxh7 Bc5 32. Rh8 Bb6 33.
Rd8+ Ke5 34. Qe2+ Qxe2 35. Bxe2 c5 36. dxc6 Bxd8 37. Kg2 Kd6 38. Bb5 Kc5 39.
Be2 Kxc6 40. h4 a5 41. Bd1 Kb5 42. Bb3 a4 43. Bxf7 a3 44. Kf3 Kb4 45. Ke4 Kc3
46. Kf5 Bc7 47. g4 Bg3 48. h5 Bh4 49. Kg6 Kb2 50. Kxg7 a2 51. Bxa2 Kxa2 52. h6
Kb3 53. h7 Kc4 54. h8=Q Bf2 55. Qc8+ Bc5 56. g5 Kb5 57. g6 Kb6 58. Kf7 Ka7 59.
Qxc5+ Ka8 60. Qb5 Ka7 61. g7 Ka8 62. g8=Q+ 1-0

[Event "CYCC U10"]
[Site "Calgary CAN"]
[Date "2023.07.20"]
[Round "3.162"]
[White "Chua, Zachary"]
[Black "Zhu, Elber"]
[Result "0-1"]
[WhiteElo "1355"]
[BlackElo "1815"]
[PlyCount "86"]
[EventDate "2023.07.19"]
[EventType "swiss"]
[EventRounds "7"]
[EventCountry "CAN"]

1. e4 c5 2. Nf3 d6 3. Bb5+ Bd7 4. Bxd7+ Qxd7 5. O-O Nc6 6. c3 Nf6 7. Re1 e6 8.
d4 cxd4 9. cxd4 Be7 10. Nc3 O-O 11. h3 Rfd8 12. Be3 Rac8 13. Rc1 d5 14. e5 Ne4
15. Re2 Nxc3 16. bxc3 Na5 17. h4 Rc7 18. h5 h6 19. Rec2 Rdc8 20. Nd2 Qa4 21.
Qg4 Kh8 22. Nf3 Nc4 23. Re2 Nxe3 24. Rxe3 Qa3 25. Rce1 Rxc3 26. Nh4 Bg5 27. Rf3
Kg8 28. Ng6 R8c6 29. Rxc3 Qxc3 30. Rf1 fxg6 31. hxg6 Qd3 32. Rd1 Qxd1+ 33. Qxd1
Rc1 34. Qxc1 Bxc1 35. Kf1 Bb2 36. Ke2 Bxd4 37. f4 b5 38. Kd2 Bf2 39. Ke2 Bg3
40. Kf3 a5 41. Kxg3 a4 42. Kf3 b4 43. Ke3 b3 0-1

[Event "CYCC U10"]
[Site "Calgary CAN"]
[Date "2023.07.20"]
[Round "3.163"]
[White "Mutyalapati, Modith Aaroh"]
[Black "Zhang, Kai Zhongkai"]
[Result "0-1"]
[WhiteElo "1581"]
[BlackElo "1341"]
[PlyCount "90"]
[EventDate "2023.07.19"]
[EventType "swiss"]
[EventRounds "7"]
[EventCountry "CAN"]

1. Nf3 d5 2. d4 Nf6 3. c4 c6 4. Nc3 e6 5. Bg5 Bb4 6. Qc2 Nbd7 7. e3 Qa5 8. Nd2
Ne4 9. Ncxe4 dxe4 10. Bf4 g5 11. Bg3 Bxd2+ 12. Qxd2 Qxd2+ 13. Kxd2 h5 14. b4
O-O 15. Be2 h4 16. Bd6 Re8 17. g3 h3 18. Bg4 e5 19. Bxh3 Nb6 20. Bf1 Be6 21. c5
Nd5 22. Bxe5 Nxb4 23. h4 g4 24. h5 Nxa2 25. Rh4 Nb4 26. f3 exf3 27. Rb1 a5 28.
h6 Kh7 29. e4 f5 30. Rh5 fxe4 31. Rg5 Rg8 32. Rg7+ Rxg7 33. hxg7 Rg8 34. Ra1
e3+ 35. Kc1 e2 36. Bxe2 fxe2 37. Kd2 Bd5 38. Kxe2 Ra8 39. Kd2 a4 40. Kc3 Na2+
41. Kc2 a3 42. Bf6 Ra4 43. Be5 Rc4+ 44. Kd2 Rb4 45. Bd6 Rb2+ 0-1

[Event "CYCC U10"]
[Site "Calgary CAN"]
[Date "2023.07.20"]
[Round "3.164"]
[White "Yavorskyi, Yevhen"]
[Black "Zhu, Edison"]
[Result "0-1"]
[WhiteElo "1329"]
[BlackElo "1501"]
[PlyCount "46"]
[EventDate "2023.07.19"]
[EventType "swiss"]
[EventRounds "7"]
[EventCountry "CAN"]

1. e4 e5 2. f4 d6 3. Nf3 Nc6 4. Nc3 Bg4 5. d3 Bxf3 6. Qxf3 Nd4 7. Qd1 g6 8. Be2
Bg7 9. O-O Ne7 10. Bg4 f5 11. exf5 gxf5 12. Bh5+ Ng6 13. fxe5 dxe5 14. Ne2 O-O
15. Nxd4 Qxd4+ 16. Kh1 Rad8 17. Be2 f4 18. Bf3 c6 19. Be4 Rf6 20. Rb1 Ne7 21.
Qg4 Rdd6 22. Bd2 Rh6 23. Bc3 Rxh2+ 0-1

[Event "CYCC U10"]
[Site "Calgary CAN"]
[Date "2023.07.20"]
[Round "3.165"]
[White "Yu, Zongyan"]
[Black "Anish, Diganth"]
[Result "1-0"]
[WhiteElo "1493"]
[BlackElo "1333"]
[PlyCount "93"]
[EventDate "2023.07.19"]
[EventType "swiss"]
[EventRounds "7"]
[EventCountry "CAN"]

1. e4 c5 2. Nf3 d6 3. Nc3 Nf6 4. Bc4 g6 5. d3 Bg7 6. h3 Nc6 7. Be3 Bd7 8. O-O
O-O 9. Qd2 Qc8 10. Kh2 Ne8 11. Bh6 Kh8 12. Bxg7+ Kxg7 13. d4 cxd4 14. Nxd4 Ne5
15. Be2 Nc7 16. f4 Nc6 17. Rae1 Ne6 18. Nxc6 Bxc6 19. f5 Nc5 20. b4 Na4 21. b5
Bxb5 22. Nxb5 Nc5 23. Nc3 a6 24. Qd4+ f6 25. Nd5 Qd8 26. Nf4 Qd7 27. Rf3 Rae8
28. fxg6 hxg6 29. Nd5 Ne6 30. Qb4 Ng5 31. Rc3 Qe6 32. Rc4 Qe5+ 33. Kg1 Qg3 34.
Bg4 Rh8 35. Qc3 Qh4 36. Rc7 Kf8 37. Nxf6 Nxh3+ 38. Bxh3 exf6 39. Rf1 Re6 40.
Rc8+ Kg7 41. Qc7+ Kh6 42. Rxh8+ Kg5 43. Rxh4 Kxh4 44. Bxe6 f5 45. Qe7+ g5 46.
Qh7+ Kg4 47. Qh3# 1-0

[Event "CYCC U10"]
[Site "Calgary CAN"]
[Date "2023.07.20"]
[Round "3.166"]
[White "Ramesan, Raunak Amit"]
[Black "Wang, Lucas"]
[Result "1-0"]
[WhiteElo "1287"]
[BlackElo "1472"]
[PlyCount "51"]
[EventDate "2023.07.19"]
[EventType "swiss"]
[EventRounds "7"]
[EventCountry "CAN"]

1. e4 c5 2. c3 Nc6 3. d4 cxd4 4. cxd4 d6 5. d5 Ne5 6. f4 Ng6 7. Nf3 Nf6 8. Nc3
Bg4 9. h3 Bxf3 10. Qxf3 Rc8 11. Bb5+ Nd7 12. O-O a6 13. Bd3 Nc5 14. Bc2 e6 15.
b4 Qb6 16. bxc5 Qxc5+ 17. Be3 Qxc3 18. Ba4+ b5 19. Rac1 Qa5 20. Rxc8+ Kd7 21.
Rfc1 bxa4 22. dxe6+ fxe6 23. f5 Ne5 24. fxe6+ Ke7 25. Bg5+ Kxe6 26. Qf5# 1-0

[Event "CYCC U10"]
[Site "Calgary CAN"]
[Date "2023.07.20"]
[Round "3.167"]
[White "Bi, William"]
[Black "Kovalivskyi, Danylo"]
[Result "1/2-1/2"]
[WhiteElo "1470"]
[BlackElo "1277"]
[PlyCount "75"]
[EventDate "2023.07.19"]
[EventType "swiss"]
[EventRounds "7"]
[EventCountry "CAN"]

1. e4 e5 2. Nf3 Nc6 3. Bc4 Nf6 4. d3 Bc5 5. Nc3 d6 6. h3 Be6 7. Bb3 Qe7 8. Bg5
h6 9. Nd5 Bxd5 10. Bxf6 Qxf6 11. Bxd5 O-O 12. O-O Kh8 13. c3 Rab8 14. a4 a5 15.
Qd2 g5 16. Rab1 Ba7 17. Bxc6 bxc6 18. d4 exd4 19. cxd4 Rb4 20. Rfd1 Rg8 21. e5
Qe6 22. d5 cxd5 23. Qxd5 Qxd5 24. Rxd5 Rxa4 25. exd6 cxd6 26. Rxd6 Kg7 27. Ne5
Bb8 28. Rd5 Bxe5 29. Rxe5 Rb8 30. b3 Ra3 31. Re3 Rb4 32. Kh2 f5 33. Rd3 Ra2 34.
Rd5 a4 35. Ra5 Ra3 36. Ra6 Raxb3 37. Rc1 Rb7 38. Rxa4 1/2-1/2

[Event "CYCC U10"]
[Site "Calgary CAN"]
[Date "2023.07.20"]
[Round "3.168"]
[White "Villamar, Flyn"]
[Black "Dunikov, David"]
[Result "1/2-1/2"]
[WhiteElo "984"]
[BlackElo "1454"]
[PlyCount "70"]
[EventDate "2023.07.19"]
[EventType "swiss"]
[EventRounds "7"]
[EventCountry "CAN"]

1. e4 e5 2. Nf3 Nf6 3. Nc3 d6 4. Bc4 Be7 5. d3 Nc6 6. Be3 Ng4 7. Nd5 Nxe3 8.
Nxe3 Na5 9. Bb3 Nxb3 10. axb3 O-O 11. O-O Bg5 12. Nxg5 Qxg5 13. Qf3 a6 14. Qg3
Qxg3 15. fxg3 Be6 16. Nf5 g6 17. Ne3 f5 18. exf5 gxf5 19. Rf2 Rf7 20. Nc4 Bxc4
21. bxc4 e4 22. dxe4 fxe4 23. Rxf7 Kxf7 24. Re1 Re8 25. Kf2 b5 26. cxb5 axb5
27. Ke3 c5 28. Rd1 Re6 29. Ra1 d5 30. c3 Kf6 31. Ra5 Rb6 32. Ra7 h6 33. Rh7 Ke5
34. Re7+ Kf6 35. Rh7 Ke5 1/2-1/2

[Event "CYCC U10"]
[Site "Calgary CAN"]
[Date "2023.07.20"]
[Round "3.170"]
[White "Wu, Bowen"]
[Black "Vu, Huy Minh"]
[Result "1/2-1/2"]
[WhiteElo "1417"]
[BlackElo "1273"]
[PlyCount "33"]
[EventDate "2023.07.19"]
[EventType "swiss"]
[EventRounds "7"]
[EventCountry "CAN"]

1. e4 e5 2. Nf3 Nc6 3. Bb5 a6 4. Bxc6 dxc6 5. d3 Bc5 6. O-O Bg4 7. h3 h5 8. Be3
Bxf3 9. Qxf3 Bd6 10. Nc3 Qd7 11. Rad1 O-O-O 12. d4 Qe6 13. Rfe1 Ne7 14. d5 cxd5
15. Nxd5 Nxd5 16. Rxd5 g6 17. Bg5 1/2-1/2

[Event "CYCC U10"]
[Site "Calgary CAN"]
[Date "2023.07.20"]
[Round "3.171"]
[White "Xu, Ryan"]
[Black "Surendran, Siddharth"]
[Result "1-0"]
[WhiteElo "1909"]
[BlackElo "961"]
[PlyCount "45"]
[EventDate "2023.07.19"]
[EventType "swiss"]
[EventRounds "7"]
[EventCountry "CAN"]

1. d4 Nf6 2. c4 e6 3. g3 d5 4. Nf3 c6 5. Bg2 Bd6 6. O-O Nbd7 7. Qc2 O-O 8. Rd1
e5 9. dxe5 Nxe5 10. cxd5 Nxd5 11. Nxe5 Bxe5 12. Nc3 Bxc3 13. bxc3 Qa5 14. Bb2
Be6 15. Rd4 Nb6 16. c4 Rad8 17. Rad1 Rxd4 18. Rxd4 Qxa2 19. Rh4 h6 20. Be4 f5
21. Qc3 Rf7 22. Bc2 Qxc4 23. Rxc4 1-0

[Event "CYCC U10"]
[Site "Calgary CAN"]
[Date "2023.07.20"]
[Round "3.172"]
[White "Li, Ryan"]
[Black "Sheng, Jack"]
[Result "1-0"]
[WhiteElo "1443"]
[BlackElo "890"]
[PlyCount "69"]
[EventDate "2023.07.19"]
[EventType "swiss"]
[EventRounds "7"]
[EventCountry "CAN"]

1. e4 e5 2. Nf3 Nc6 3. d4 exd4 4. Nxd4 g6 5. Nxc6 bxc6 6. Bc4 Bg7 7. O-O Ne7 8.
Bg5 Bxb2 9. Qf3 O-O 10. Bf6 Bxa1 11. Bxa1 d5 12. Qf6 d4 13. Bxd4 Qxd4 14. Qxd4
Bb7 15. e5 Nf5 16. Qb2 Bc8 17. e6 fxe6 18. Re1 Bd7 19. Bxe6+ Bxe6 20. Rxe6 Rad8
21. Nc3 Nd4 22. Re1 Rb8 23. Qc1 Rb4 24. h3 Rc4 25. Qe3 Nf5 26. Qe6+ Kg7 27.
Qxc4 Nd6 28. Qd4+ Kg8 29. Re7 Nf5 30. Qc4+ Kh8 31. Rxc7 Rf6 32. Ne4 Rf8 33. g4
Nh4 34. Qd4+ Kg8 35. Qg7# 1-0

[Event "CYCC U10"]
[Site "Calgary CAN"]
[Date "2023.07.20"]
[Round "3.173"]
[White "Gong, Edric"]
[Black "Liu, Zipei"]
[Result "0-1"]
[WhiteElo "961"]
[BlackElo "1364"]
[PlyCount "46"]
[EventDate "2023.07.19"]
[EventType "swiss"]
[EventRounds "7"]
[EventCountry "CAN"]

1. c4 f5 2. Nf3 Nf6 3. Nc3 Nc6 4. g3 e5 5. d3 Bb4 6. Bd2 d6 7. Bg2 O-O 8. O-O
a5 9. a3 Bc5 10. e3 Be6 11. Ng5 Bd7 12. Nf3 h6 13. Qc2 Nh5 14. h3 Ne7 15. Nh4
g5 16. Nf3 f4 17. g4 fxe3 18. Bxe3 Nf4 19. Bxc5 dxc5 20. Ne2 Nxg2 21. Kxg2 Bc6
22. Neg1 Ng6 23. Kg3 Qf6 0-1

[Event "CYCC U10"]
[Site "Calgary CAN"]
[Date "2023.07.20"]
[Round "3.174"]
[White "He, Hugh"]
[Black "Yin, Aiden"]
[Result "0-1"]
[WhiteElo "957"]
[BlackElo "1300"]
[PlyCount "56"]
[EventDate "2023.07.19"]
[EventType "swiss"]
[EventRounds "7"]
[EventCountry "CAN"]

1. e4 c5 2. Nf3 g6 3. d4 cxd4 4. Nxd4 Nf6 5. Nc3 d6 6. Be3 Bg7 7. Be2 O-O 8.
O-O Bd7 9. Qd2 Nc6 10. Nb3 Ne5 11. Rad1 Nfg4 12. Bf4 Nc6 13. h3 Nge5 14. Bg3
Be6 15. f4 Nc4 16. Bxc4 Bxc4 17. Rf3 a5 18. Nc1 Qb6+ 19. Bf2 Qxb2 20. Na4 Qb5
21. Nb6 Ra6 22. Nd5 Bxd5 23. exd5 Nb4 24. Rb3 Qc4 25. c3 Nxa2 26. Qxa2 b5 27.
Be1 a4 28. Rb4 Qc5+ {illegal move (Nd3)} 0-1

[Event "CYCC U10"]
[Site "Calgary CAN"]
[Date "2023.07.20"]
[Round "3.175"]
[White "Dembla, Shabd"]
[Black "Moses, Niam"]
[Result "1-0"]
[WhiteElo "1274"]
[BlackElo "860"]
[PlyCount "41"]
[EventDate "2023.07.19"]
[EventType "swiss"]
[EventRounds "7"]
[EventCountry "CAN"]

1. d4 d5 2. Bf4 Bf5 3. Nf3 Nf6 4. e3 c5 5. c4 e6 6. Bxb8 Rxb8 7. Nc3 Be7 8.
cxd5 exd5 9. Bb5+ Bd7 10. O-O O-O 11. Rc1 Bg4 12. Be2 c4 13. Ne5 Bxe2 14. Qxe2
Bd6 15. f4 Re8 16. Rcd1 Nd7 17. Nxd7 Qxd7 18. Nxd5 Rbc8 19. Qh5 Re6 20. f5 Rh6
21. Qxh6 1-0

[Event "CYCC U10"]
[Site "Calgary CAN"]
[Date "2023.07.20"]
[Round "3.176"]
[White "Dave, Jashank"]
[Black "Vallabhajosyula, Srikarthikeya"]
[Result "1-0"]
[WhiteElo "1265"]
[BlackElo "837"]
[PlyCount "31"]
[EventDate "2023.07.19"]
[EventType "swiss"]
[EventRounds "7"]
[EventCountry "CAN"]

1. e4 e5 2. Nf3 Nc6 3. Bb5 a6 4. Ba4 b5 5. Bb3 Nf6 6. O-O Nxe4 7. Re1 Nf6 8. d4
d6 9. Ng5 d5 10. dxe5 Ne4 11. Bxd5 Bd7 12. Rxe4 Qc8 13. Qf3 f5 14. exf6+ Be7
15. fxg7 Rf8 16. gxf8=Q# 1-0

[Event "CYCC U10"]
[Site "Calgary CAN"]
[Date "2023.07.20"]
[Round "3.177"]
[White "Latour, Alex"]
[Black "Yin, Andrew"]
[Result "0-1"]
[WhiteElo "897"]
[BlackElo "1171"]
[PlyCount "34"]
[EventDate "2023.07.19"]
[EventType "swiss"]
[EventRounds "7"]
[EventCountry "CAN"]

1. e4 c5 2. d4 cxd4 3. Qxd4 Nc6 4. Qc4 g6 5. Nf3 Bg7 6. Ng5 e6 7. Nc3 Nf6 8.
Nd5 exd5 9. exd5 Ne5 10. Qe4 Nxe4 11. Bd3 Nxg5 12. Bxg5 Qxg5 13. O-O Nf3+ 14.
Kh1 Nh4 15. Rg1 Qxd5 16. Rge1+ Kd8 17. b3 Qxg2# 0-1

[Event "CYCC U10"]
[Site "Calgary CAN"]
[Date "2023.07.20"]
[Round "3.178"]
[White "Yang, Larry"]
[Black "Syed, Farhaan"]
[Result "1-0"]
[WhiteElo "1170"]
[BlackElo "794"]
[PlyCount "81"]
[EventDate "2023.07.19"]
[EventType "swiss"]
[EventRounds "7"]
[EventCountry "CAN"]

1. e4 c6 2. d4 d5 3. e5 c5 4. c3 Nc6 5. Nf3 Bg4 6. Be2 Bxf3 7. Bxf3 e6 8. O-O
cxd4 9. cxd4 Qb6 10. Nc3 a6 11. Be3 Qxb2 12. Na4 Qb4 13. Rb1 Qe7 14. Rb6 Qc7
15. Qb1 Rb8 16. Rc1 Nge7 17. Nc5 Nc8 18. Nxa6 Qxb6 19. Nxb8 Qxb1 20. Rxb1 Nxb8
21. Rxb7 Nd7 22. Be2 Be7 23. Bb5 O-O 24. Bxd7 Rd8 25. Bxc8 Kf8 26. Bd7 Ra8 27.
a4 f6 28. g3 Kf7 29. Bd2 fxe5 30. dxe5 d4 31. a5 Ra6 32. Bb5 Ra8 33. Bb4 Re8
34. Bxe8+ Kxe8 35. Rxe7+ Kd8 36. Rxe6 Kc8 37. Re7 Kb8 38. Rd7 Ka8 39. e6 Kb8
40. e7 Kc8 41. e8=Q# 1-0

[Event "CYCC U10"]
[Site "Calgary CAN"]
[Date "2023.07.20"]
[Round "3.179"]
[White "Deng, Jeffrey"]
[Black "Fung, Ryan"]
[Result "1/2-1/2"]
[WhiteElo "837"]
[BlackElo "1096"]
[PlyCount "128"]
[EventDate "2023.07.19"]
[EventType "swiss"]
[EventRounds "7"]
[EventCountry "CAN"]

1. c4 e5 2. e3 Nf6 3. Nc3 Bb4 4. a3 Be7 5. d4 exd4 6. exd4 O-O 7. Nf3 Re8 8.
Be2 Nc6 9. O-O d6 10. Bf4 Bd7 11. d5 Nb8 12. Qb3 b6 13. Rad1 Na6 14. Be3 Nc5
15. Bxc5 dxc5 16. Ne5 Bd6 17. Nxd7 Qxd7 18. Qc2 Qe7 19. Bf3 Qe5 20. g3 Rac8 21.
Nb5 Ra8 22. Bg2 h6 23. Nc3 a6 24. Qd2 Qe7 25. Rde1 Qd8 26. Rxe8+ Qxe8 27. Re1
Qd7 28. Re2 Re8 29. Qe1 Rxe2 30. Qxe2 Qe8 31. Qxe8+ Nxe8 32. Kf1 Kh7 33. Ke2
Kg6 34. Kf3 Kf5 35. Bh3+ Kf6 36. Ne4+ Ke7 37. Kg4 Nf6+ 38. Kf3 Nxe4 39. Kxe4
Kf6 40. f4 g6 41. Bc8 a5 42. Bh3 h5 43. Bd7 Ke7 44. Bh3 f6 45. Be6 Kf8 46. Kf3
Kg7 47. Kg2 g5 48. f5 Be5 49. b3 Kh6 50. h3 Bb2 51. a4 Be5 52. g4 h4 53. Bd7
Kg7 54. Bc6 Kf7 55. Kf3 Bd6 56. Ke4 Ke7 57. Kd3 Kf7 58. Ke4 Kf8 59. Kd3 Ke7 60.
Ke4 Be5 61. Bb5 Kd6 62. Bc6 Bd4 63. Bb5 Bc3 64. Bc6 Bb4 1/2-1/2

[Event "CYCC U10"]
[Site "Calgary CAN"]
[Date "2023.07.20"]
[Round "3.180"]
[White "Vigneshwaran, Vidyuth"]
[Black "Radic, Marko"]
[Result "0-1"]
[WhiteElo "1072"]
[BlackElo "766"]
[PlyCount "108"]
[EventDate "2023.07.19"]
[EventType "swiss"]
[EventRounds "7"]
[EventCountry "CAN"]

1. e4 e5 2. Nf3 Nc6 3. Bc4 Nf6 4. Ng5 d5 5. exd5 Nd4 6. c3 b5 7. cxd4 bxc4 8.
dxe5 Qxd5 9. exf6 Qxg5 10. fxg7 Bxg7 11. d3 Qxg2 12. Qe2+ Be6 13. Qe4 Qxe4+ 14.
dxe4 O-O-O 15. Nc3 Bg4 16. Be3 Bd4 17. Bxd4 Rxd4 18. Rg1 f5 19. exf5 Re8+ 20.
Kf1 Bh3+ 21. Rg2 Rg4 22. Rc1 Bxg2+ 23. Kg1 Reg8 24. f3 Bxf3+ 25. Kf2 Be4 26. f6
Rf8 27. Ke3 Bd3 28. Nd5 c6 29. Nf4 Re8+ 30. Kf3 Rg5 31. f7 Rf8 32. Ke3 Rxf7 33.
b3 Re5+ 34. Kd4 Re4+ 35. Kc5 Rfxf4 36. bxc4 Rxc4+ 37. Rxc4 Rxc4+ 38. Kd6 Kb7
39. Ke5 Rc1 40. Kd4 c5+ 41. Kxd3 Kb6 42. Kd2 Rh1 43. Kc3 Rxh2 44. Kb3 h5 45. a3
h4 46. a4 Ka5 47. Kc4 h3 48. Kxc5 Rg2 49. Kc6 h2 50. Kb7 h1=Q 51. Kc6 Qh5 52.
Kd6 Rg6+ 53. Ke7 Qh7+ 54. Kf8 Rg8# 0-1

[Event "CYCC U10"]
[Site "Calgary CAN"]
[Date "2023.07.20"]
[Round "3.181"]
[White "Tsukerman, Leon"]
[Black "Zhang, Jasper"]
[Result "0-1"]
[WhiteElo "661"]
[BlackElo "1051"]
[PlyCount "56"]
[EventDate "2023.07.19"]
[EventType "swiss"]
[EventRounds "7"]
[EventCountry "CAN"]

1. e4 d5 2. exd5 Qxd5 3. Nc3 Qd6 4. Bc4 c6 5. d3 Nf6 6. Nf3 Bg4 7. h3 Bh5 8.
Bg5 Nbd7 9. g4 Bg6 10. Qd2 e6 11. O-O-O Be7 12. Ne4 Nxe4 13. dxe4 Qxd2+ 14.
Rxd2 Bxe4 15. Ne5 Bxg5 16. Nxd7 Bxd2+ 17. Kxd2 Bxh1 18. Nc5 O-O-O+ 19. Kc3 Bd5
20. b3 Bxc4 21. Kb4 Bb5 22. c4 Rd4 23. a3 b6 24. a4 bxc5+ 25. Kxc5 Rhd8 26.
axb5 cxb5 27. Kxb5 Kb7 28. f3 R8d5+ 0-1

[Event "CYCC U10"]
[Site "Calgary CAN"]
[Date "2023.07.20"]
[Round "3.183"]
[White "Nguyen, Gia Minh"]
[Black "Pan, Julian"]
[Result "0-1"]
[WhiteElo "658"]
[BlackElo "990"]
[PlyCount "160"]
[EventDate "2023.07.19"]
[EventType "swiss"]
[EventRounds "7"]
[EventCountry "CAN"]

1. e4 e5 2. Nf3 Nc6 3. Bb5 a6 4. Bxc6 dxc6 5. h3 Nf6 6. Nc3 Bc5 7. O-O O-O 8.
d3 Re8 9. Bg5 h6 10. Bh4 g5 11. Bg3 Nh5 12. Bxe5 Rxe5 13. Nxe5 Ng3 14. Re1 Qd4
15. Ng4 Bxg4 16. Qxg4 Qxf2+ 17. Kh2 Re8 18. Qxg3 Bd6 19. e5 Bxe5 20. Rxe5 Qxg3+
21. Kxg3 Rxe5 22. Rf1 f5 23. Kh2 c5 24. a3 a5 25. g3 c6 26. h4 g4 27. Nd1 Kg7
28. c3 Kg6 29. b4 cxb4 30. cxb4 axb4 31. axb4 Re2+ 32. Kh1 b6 33. Nc3 Re3 34.
b5 Rxd3 35. Na4 cxb5 36. Nxb6 Rxg3 37. Rb1 Rh3+ 38. Kg2 Rxh4 39. Rxb5 Rh3 40.
Nd5 Kg5 41. Rb4 Rd3 42. Nf4 Rd2+ 43. Kg3 h5 44. Ne6+ Kf6 45. Nf4 Kg5 46. Ne6+
Kh6 47. Rb5 Rd3+ 48. Kf2 Rf3+ 49. Kg2 Kg6 50. Nd4 Rf4 51. Ne2 Rc4 52. Kf2 h4
53. Rb6+ Kg5 54. Rb3 h3 55. Kg1 f4 56. Rb5+ Kh4 57. Rf5 f3 58. Nf4 Rc1+ 59. Kf2
Rc2+ 60. Ke3 h2 61. Kd3 Rc1 62. Rh5+ Kg3 63. Kd2 h1=Q 64. Rf5 Qd1+ 65. Ke3 Rc3+
66. Ke4 Rc4+ 67. Ke5 Rxf4 68. Rxf4 Qe2+ 69. Kf5 f2 70. Kg5 f1=Q 71. Rxf1 Qxf1
72. Kh5 Qf5+ 73. Kh6 Kh4 74. Kg7 g3 75. Kg8 g2 76. Kh8 Qh5+ 77. Kg7 g1=Q+ 78.
Kf6 Qgg6+ 79. Ke7 Qhh7+ 80. Kf8 Qgg8# 0-1

[Event "CYCC U10"]
[Site "Calgary CAN"]
[Date "2023.07.20"]
[Round "3.189"]
[White "Wu, Freddie"]
[Black "Liao, Max"]
[Result "1-0"]
[WhiteElo "1337"]
[BlackElo "742"]
[PlyCount "69"]
[EventDate "2023.07.19"]
[EventType "swiss"]
[EventRounds "7"]
[EventCountry "CAN"]

1. e4 c6 2. d4 d5 3. e5 Bf5 4. Nf3 e6 5. Be2 c5 6. c3 Qb6 7. O-O Ne7 8. Nbd2
Nec6 9. Nb3 Nd7 10. c4 dxc4 11. Bxc4 cxd4 12. Nfxd4 Ndxe5 13. Bb5 Rd8 14. Bxc6+
Nxc6 15. Be3 Bc5 16. Nxc5 Qxc5 17. Rc1 Qb6 18. Rc4 Qxb2 19. Qa4 b5 20. Nxb5 Bd3
21. Rfc1 Bxc4 22. Rxc4 Qxa2 23. h3 Qxa4 24. Rxa4 Ke7 25. Nxa7 Nxa7 26. Rxa7+
Kf6 27. Bb6 Ra8 28. Rc7 Rhc8 29. Rd7 Rd8 30. Bxd8+ Kg6 31. Bb6 Rb8 32. Bc7 Rb5
33. Bg3 Rd5 34. Rc7 Kf5 35. Rxf7+ 1-0

[Event "CYCC U10"]
[Site "Calgary CAN"]
[Date "2023.07.20"]
[Round "3.191"]
[White "Christopher, Jack"]
[Black "Delgashev, Victor"]
[Result "1-0"]
[WhiteElo "867"]
[BlackElo "673"]
[PlyCount "69"]
[EventDate "2023.07.19"]
[EventType "swiss"]
[EventRounds "7"]
[EventCountry "CAN"]

1. e4 e6 2. e5 c5 3. Nc3 d5 4. exd6 Bxd6 5. Bc4 Qb6 6. d3 Nf6 7. Nf3 O-O 8. O-O
Bd7 9. Rb1 Nc6 10. a3 a6 11. Bg5 Be7 12. Bf4 Nd4 13. Ba2 Nxf3+ 14. Qxf3 Bc6 15.
Qe2 Rfe8 16. Rfe1 Nd5 17. Nxd5 Bxd5 18. Bxd5 exd5 19. Qd2 Bf6 20. b3 h6 21. Re3
d4 22. Rg3 Kh7 23. Rh3 g5 24. Bxg5 Bxg5 25. Qxg5 Re6 26. Qf5+ Kg7 27. Rg3+ Kf8
28. Rf3 Re7 29. h3 Rd8 30. Kh2 Qc7+ 31. g3 Re2 32. Rb2 Rde8 33. Qf6 Rd2 34.
Qxh6+ Ke7 35. Qxd2 1-0

[Event "CYCC U10"]
[Site "Calgary CAN"]
[Date "2023.07.20"]
[Round "3.192"]
[White "Schaffer, Gavin"]
[Black "Singh, Aarav"]
[Result "1-0"]
[WhiteElo "823"]
[BlackElo "602"]
[PlyCount "25"]
[EventDate "2023.07.19"]
[EventType "swiss"]
[EventRounds "7"]
[EventCountry "CAN"]

1. e4 e5 2. Nf3 Nc6 3. d4 exd4 4. Nxd4 Nxd4 5. Qxd4 Nf6 6. Bg5 Be7 7. Bc4 O-O
8. e5 Ne8 9. Bxe7 Qxe7 10. O-O Qg5 11. Bd3 b6 12. Qe4 Rb8 13. Qxh7# 1-0

[Event "CYCC U10"]
[Site "Calgary CAN"]
[Date "2023.07.20"]
[Round "3.193"]
[White "Jin, Eric"]
[Black "Maslov, Yan"]
[Result "0-1"]
[WhiteElo "663"]
[BlackElo "799"]
[PlyCount "132"]
[EventDate "2023.07.19"]
[EventType "swiss"]
[EventRounds "7"]
[EventCountry "CAN"]

1. c4 e5 2. Nc3 c6 3. e4 Nf6 4. g3 Bb4 5. d4 Nxe4 6. Qd3 Nxc3 7. bxc3 Bd6 8.
Qe4 O-O 9. dxe5 Bxe5 10. Bd3 Bxc3+ 11. Kf1 g6 12. Nf3 Bxa1 13. Kg2 d5 14. cxd5
cxd5 15. Qe2 Bg4 16. Re1 Bxf3+ 17. Kxf3 Bg7 18. Ba3 Bc3 19. Be7 Qb6 20. Rb1 Qc6
21. Bxf8 Kxf8 22. Rc1 d4+ 23. Be4 Qf6+ 24. Kg2 Nc6 25. f4 Re8 26. Qf3 Qe6 27.
Bd5 Qe2+ 28. Qxe2 Rxe2+ 29. Kf3 Rxh2 30. g4 Rh3+ 31. Kg2 Re3 32. Rh1 Kg7 33. g5
d3 34. Kf2 Re2+ 35. Kf1 Re1+ 36. Kg2 Rxh1 37. Kxh1 d2 38. Bf3 Nd4 39. Bg4 f5
40. gxf6+ Kxf6 41. Kg2 h5 42. Bd1 h4 43. Kh3 Nf5 44. a4 a5 45. Bg4 Ne3 46. Bf3
d1=Q 47. Bxd1 Nxd1 48. Kxh4 Ne3 49. Kg3 Nf5+ 50. Kf3 Nd4+ 51. Ke4 b5 52. axb5
Nxb5 53. Kd3 a4 54. f5 a3 55. fxg6 Kxg6 56. Kc2 a2 57. Kb3 a1=Q 58. Kc4 Qa4+
59. Kd5 Nd6 60. Kxd6 Be5+ 61. Kd5 Qd4+ 62. Ke6 Bh2 63. Ke7 Qd5 64. Ke8 Qf7+ 65.
Kd8 Kf6 66. Kc8 Qc7# 0-1

[Event "CYCC U10"]
[Site "Calgary CAN"]
[Date "2023.07.20"]
[Round "3.194"]
[White "Kwok, Jayden"]
[Black "Zhang, Eric"]
[Result "0-1"]
[WhiteElo "757"]
[BlackElo "468"]
[PlyCount "52"]
[EventDate "2023.07.19"]
[EventType "swiss"]
[EventRounds "7"]
[EventCountry "CAN"]

1. e4 e5 2. Nf3 Nc6 3. Bc4 Nf6 4. Ng5 d5 5. exd5 Na5 6. Bb5+ c6 7. dxc6 bxc6 8.
Bd3 h6 9. Ne4 Nxe4 10. Bxe4 Bc5 11. O-O O-O 12. a3 Qd4 13. d3 f5 14. b4 Qxa1
15. Bf3 Qxb1 16. bxa5 Bb7 17. Re1 Rad8 18. Rxe5 Bxa3 19. Bxa3 Qxd1+ 20. Bxd1
Rfe8 21. Rxe8+ Rxe8 22. Bb4 c5 23. Bc3 Bd5 24. h3 Rb8 25. Bh5 Rb1+ 26. Kh2 Rc1
0-1

[Event "CYCC U10"]
[Site "Calgary CAN"]
[Date "2023.07.20"]
[Round "3.195"]
[White "Ha, Benjamin"]
[Black "Liu, William"]
[Result "0-1"]
[WhiteElo "601"]
[BlackElo "750"]
[PlyCount "52"]
[EventDate "2023.07.19"]
[EventType "swiss"]
[EventRounds "7"]
[EventCountry "CAN"]

1. e4 c6 2. Nc3 d5 3. exd5 cxd5 4. d4 Bf5 5. g3 Nc6 6. Bf4 a6 7. Nf3 e6 8. a3
Nf6 9. Bd3 Bxd3 10. Qxd3 Bd6 11. Ne5 Bxe5 12. dxe5 Nd7 13. O-O Ndxe5 14. Bxe5
Nxe5 15. Qd4 Nf3+ 16. Kh1 Nxd4 17. Rfd1 Nc6 18. f4 O-O 19. f5 Qf6 20. g4 exf5
21. Nxd5 Qxb2 22. gxf5 Qxc2 23. Rg1 Qe4+ 24. Rg2 Qxd5 25. f6 g6 26. Kg1 Qd4+
0-1